000 00204nam a22000857a 4500
008 161126b xxu||||| |||| 00| 0 eng d
100 _91473
_aJain.S.K.
245 _aScience-6
260 _aNew Delhi
_bPrachi
_c2016
999 _c4194
_d4194